Thesis Open Access

THE IMPACT OF DIGITALIZATION ON BANK PROFITABILITY: THE CASE OF SELECTED COMMERCIAL BANKS IN DESSIE DISTRICT, ETHIOPIA

GEDION ABINEW


MARC21 XML Export

<?xml version='1.0' encoding='UTF-8'?>
<record xmlns="http://www.loc.gov/MARC21/slim">
  <leader>00000nam##2200000uu#4500</leader>
  <datafield tag="653" ind1=" " ind2=" ">
    <subfield code="a">Bank profitability, , ,, ,</subfield>
  </datafield>
  <datafield tag="653" ind1=" " ind2=" ">
    <subfield code="a">Commercial banks</subfield>
  </datafield>
  <datafield tag="653" ind1=" " ind2=" ">
    <subfield code="a">Digitalization</subfield>
  </datafield>
  <datafield tag="653" ind1=" " ind2=" ">
    <subfield code="a">Financial performance</subfield>
  </datafield>
  <datafield tag="653" ind1=" " ind2=" ">
    <subfield code="a">Internet Banking</subfield>
  </datafield>
  <datafield tag="653" ind1=" " ind2=" ">
    <subfield code="a">Mobile Banking</subfield>
  </datafield>
  <controlfield tag="005">20260403113257.0</controlfield>
  <controlfield tag="001">24843</controlfield>
  <datafield tag="856" ind1="4" ind2=" ">
    <subfield code="s">1593445</subfield>
    <subfield code="z">md5:78f1cdef090d2379c3e1d2a335bcf62e</subfield>
    <subfield code="u">https://zenodo.org/record/24843/files/GEDION ABINEW - Thesis - Final.pdf</subfield>
  </datafield>
  <datafield tag="542" ind1=" " ind2=" ">
    <subfield code="l">open</subfield>
  </datafield>
  <datafield tag="260" ind1=" " ind2=" ">
    <subfield code="c">2026-04-03</subfield>
  </datafield>
  <datafield tag="909" ind1="C" ind2="O">
    <subfield code="p">user-mau-community</subfield>
    <subfield code="o">oai:zenodo.org:24843</subfield>
  </datafield>
  <datafield tag="100" ind1=" " ind2=" ">
    <subfield code="u">Mekdela Amba University</subfield>
    <subfield code="a">GEDION ABINEW</subfield>
  </datafield>
  <datafield tag="245" ind1=" " ind2=" ">
    <subfield code="a">THE IMPACT OF DIGITALIZATION ON BANK PROFITABILITY: THE  CASE OF SELECTED COMMERCIAL BANKS IN DESSIE DISTRICT,  ETHIOPIA</subfield>
  </datafield>
  <datafield tag="980" ind1=" " ind2=" ">
    <subfield code="a">user-mau-community</subfield>
  </datafield>
  <datafield tag="540" ind1=" " ind2=" ">
    <subfield code="u">http://www.opendefinition.org/licenses/cc-by</subfield>
    <subfield code="a">Creative Commons Attribution</subfield>
  </datafield>
  <datafield tag="650" ind1="1" ind2="7">
    <subfield code="a">cc-by</subfield>
    <subfield code="2">opendefinition.org</subfield>
  </datafield>
  <datafield tag="520" ind1=" " ind2=" ">
    <subfield code="a">&lt;p&gt;This study was conducted to investigate the impact of digitalization on the profitability of selected commercial banks in dessie district. The study employed a quantitative research approach, which relies on numeric data to test hypotheses and draw conclusions. An explanatory research design was adopted variables. To select the sample, a purposive sampling technique was utilized. In this case, banks were chosen from a list according to specific characteristics relevant to the research questioned, employing descriptive statistics, ordinal regression, and Spearman rank correlation to assess the relationship between these variables and bank profitability. The primary method of data collection was made using 5 points Likert scale questionnaire. Importantly, ATMs, point of sale terminals, mobile banking, and mobile wallets exhibited a highly significant impact on profitability, with p-values of 0.000. This study suggests that these channels play a crucial role in driving financial success for Ethiopian commercial banks. However, internet banking, despite showing a positive correlation, did demonstrate a statistically significant impact on profitability. The result of this study shows the need for banks to evaluate their Internet banking strategies, potentially focusing on optimizing existing functionalities and ensuring seamless integration with other digital channels. By addressing these areas, banks can unlock the full potential of Internet banking and maximize its contribution to overall profitability. Banks should prioritize investment in ATMs, POS terminals, mobile banking, and mobile wallets due to their highly significant impact on profitability.&lt;/p&gt;</subfield>
  </datafield>
  <datafield tag="773" ind1=" " ind2=" ">
    <subfield code="n">doi</subfield>
    <subfield code="i">isVersionOf</subfield>
    <subfield code="a">10.20372/nadre:24842</subfield>
  </datafield>
  <datafield tag="024" ind1=" " ind2=" ">
    <subfield code="a">10.20372/nadre:24843</subfield>
    <subfield code="2">doi</subfield>
  </datafield>
  <datafield tag="980" ind1=" " ind2=" ">
    <subfield code="a">publication</subfield>
    <subfield code="b">thesis</subfield>
  </datafield>
</record>
0
0
views
downloads
All versions This version
Views 00
Downloads 00
Data volume 0 Bytes0 Bytes
Unique views 00
Unique downloads 00

Share

Cite as